• 首页
  • 本馆介绍
  • 公告通知
  • 最新文献
  • 馆藏检索
  • 电子资源
  • 读者导购
  • 参考咨询
  • 我的图书馆
  • 登录
  • 详细信息显示
  • 放入我的书架
  • 预约/预借图书
  • 作者相关作品
  • 分类相关作品
  • 丛书相关作品
  • 出版社相关作品

书目信息

  • 表格格式
  • 工作单格式
  • 卡片格式
题名:
领导心理学
    
 
作者: 吴岩
分册:  
出版信息: 北京   中央编译  1996
页数: 452页
开本: 20cm
丛书名:
单 册:
中图分类: B849:C933
科图分类:
主题词: 应用心理学
电子资源:
ISBN: 7-80109-127-2
000 00480nam0 2200181 450
001 0753865015
005 20070818145745.01
010    @a7-80109-127-2@d¥19.80
100    @a20070818d km y0chiy0120 ea
101 0  @achi
200 1  @a领导心理学@Aling dao xin li xue@f吴岩@Fwu yan
210    @a北京@c中央编译@d1996
215    @a452页@d20cm
606 0  @a应用心理学
690    @aB849:C933@v3
701  0 @a吴岩@Awu yan
801  0 @aCN@bPFT@c20070818
905    @a213230@dB849:C933@ee720@f1
    
    领导心理学/吴岩.-北京:中央编译,1996
    452页;20cm
    
    
    ISBN 7-80109-127-2:¥19.80
    
●
相关链接 在E读中查询图书 在五车中查询图书 在当当中查询图书 在豆瓣中查询图书


正题名:领导心理学     索取号:B849:C933/e720         预约/预借

序号 登录号 条形码 馆藏地/架位号 状态 备注
1 6301069   263010690   教育系资料室/ [索取号:B849:C933/e720] 在馆    
唐山师范学院图书馆 欢迎您!
大连网信软件有限公司© 版权所有